Central Library OPAC University of Rajshahi

প্রসঙ্গ ও প্রসঙ্গতঃ বিভূতিভূষণ / (Record no. 36785)

MARC details
000 -LEADER
fixed length control field 00971nam a2200229 4500
001 - CONTROL NUMBER
control field 36785
003 - CONTROL NUMBER IDENTIFIER
rucl marc code BD-RjUL
005 - DATE AND TIME OF LATEST TRANSACTION
control field 20211209052535.0
008 - FIXED-LENGTH DATA ELEMENTS--GENERAL INFORMATION
fixed length control field 140903s1981 ii ||||e |||| 001 0 ben d
020 ## - INTERNATIONAL STANDARD BOOK NUMBER
Terms of availability Tk.22.00
035 ## - SYSTEM CONTROL NUMBER
System control number (BD-RjUL)36887
040 ## - CATALOGING SOURCE
Original cataloging agency BD-RjUL
Language of cataloging ben
Transcribing agency BD-RjUL
041 ## - LANGUAGE CODE
Language code of text/sound track or separate title ben
082 ## - DEWEY DECIMAL CLASSIFICATION NUMBER
Classification number 891.4409
Author mark and year CHP 1981
Edition number 23
100 ## - MAIN ENTRY--PERSONAL NAME
Personal name চট্টোপাধ্যায়, সুনীলকুমার.
9 (RLIN) 112213
245 10 - TITLE STATEMENT
Title প্রসঙ্গ ও প্রসঙ্গতঃ বিভূতিভূষণ /
Statement of responsibility, etc. সুনীলকুমার চট্টোপাধ্যায়
260 ## - PUBLICATION, DISTRIBUTION, ETC. (IMPRINT)
Place of publication, distribution, etc. কলিকাতা :
Name of publisher, distributor, etc. নাথ পাবলিশিং হাউস,
Date of publication, distribution, etc. ১৯৮১.
300 ## - PHYSICAL DESCRIPTION
Pagination [৭], ২২৯ পৃ. ;
Size ২১ সেমি.
650 ## - SUBJECT ADDED ENTRY--TOPICAL TERM
Topical term or geographic name as entry element বাংলা সাহিত্য
Form subdivision ইতিহাস ও সমালোচনা
9 (RLIN) 78921
Topical term or geographic name as entry element Bengali Literature
Form subdivision History and Criticism
9 (RLIN) 112198
942 ## - ADDED ENTRY ELEMENTS (KOHA)
Source of classification or shelving scheme Dewey Decimal Classification
Koha item type Books
Holdings
Lost status Source of classification or shelving scheme Damaged status Not for loan Collection code Permanent Location Current Location Shelving location Date acquired Source of acquisition Cost, normal purchase price Total Checkouts Full call number Date last seen Copy number Koha item type Date checked out
  Dewey Decimal Classification   Not For Loan Non-fiction Central Library, University of Rajshahi Central Library, University of Rajshahi Reading Room 29/02/1984 Dhaka,Taulip Enterpris 22.00   B891.4409 CHP 1981 03/09/2014 C-1 Books  
  Dewey Decimal Classification     Non-fiction Central Library, University of Rajshahi Central Library, University of Rajshahi   29/08/1984 Tulip Enterprise, Dhaka 22.00   B 891.4409 CHP 1981 10/08/2015 C-2 Books  
  Dewey Decimal Classification     Non-fiction Central Library, University of Rajshahi Central Library, University of Rajshahi   29/02/1984 Tiwlip Enterprise , Dhaka 22.00 3 B 891.4409 CHP 1981 08/10/2024 C-3 Books 03/10/2024
  Dewey Decimal Classification     Non-fiction Central Library, University of Rajshahi Central Library, University of Rajshahi   29/02/1984 Tulip Enterprise, Dhaka 22.00   B 891.4409 CHP 1981 18/10/2016 C-4 Books